ASNL : saurez-vous retrouver le palmarès du club lorrain ? - Statistiques

Statistiques générales
  • Ce quiz a été pris 39 fois
  • Le résultat moyen est 5 sur 7
Statistiques - réponses
Hint Réponse % Correct
Effectif : Sorin, Chrétien, Diakhaté, Puygrenier, Lécluse, Biancalani, Berenguer, Gavanon, Duchemin (Brison, 65'), Zerka (André Luiz, 83') & Kim (Sarkisian, 92'). Entraîneur: Correa. Coupe de la Ligue 2006
97%
Effectif : Aït Bennasser, Badila, Busin, Cétout, Chrétien, Coulibaly, Cuffaut, Dalé, Diagne, Diakhaté, Guidileye, Hadji, Iglesias, Lenglet, Lusamba, Mabella, Maouassa, Muratori, Ndy Assembe, Pedretti, Puyo, Robic, Samba Entraîneur: Correa. Championnat de Ligue 2 - 2016
81%
Effectif : Berenguer, Biancalani, Bracigliano, Brison, Celdran, Chrétien, Curbelo, Diagouraga, Diakhaté, Doumeng, Duchemin, Dufresne, Fayolle, Gavanon, Guel, Guerriero, Kroupi, Lecluse, Moreau, Puygrenier, Rambo, Sorin, Tournut & Zerka. Entraîneur: Correa. Championnat de Ligue 2 - 2005
77%
Effectif : Moutier, Perdriau (Raczinski, 79'), Neubert, Curbelo, Cloet, Caron, Jeannol, Rubio, Rouyer, Platini & Chebel. Entraîneur: Redin. Coupe de France 1978
71%
Effectif : Bernhardt, Cohuet, Curbelo, Deplanche, Di Caro, Donnat, Frechein, Giachetti, Jannaud, Lanini, Lopez, Mariot H., Martinez, Mesones, Palka, Pavageau, Platini, Precheur, Raczynski & Rico. Entraîneur: Redin. Championnat de Ligue 2 - 1975
61%
Effectif : Bastien, Biancalani, Capiaux, Cascarino, Correa, Fischer, Florentin, Hognon, Laquait, Lecluse, Marcilly, Meniri, Moracchini, Moustaid, Ouadah, Rambo, Rodrigues, Roux, Savine, Schemmel, Vairelles D. & Wiart. Entraîneur: Bölöni. Championnat de Ligue 2 - 1998
55%
Effectif : Bertrand, Boschetti, Bureau, Deplanche, Fischer, Gava, Gerval, Harmand, Hindelang, Honorine, Leuregans, Martin, Matrisciano, Morgante, Nikolic, Stephen, Zappia & Zitelli. Entraîneur: Dewilder Championnat de Ligue 2 - 1990
45%
Aucun quiz correspondant
Distribution des résultats
% des personnes avec chaque résultat
Percentile par nombre de réponses
Votre historique - résultats
Vous n’avez pas pris ce quiz